| 000 | 00625nam a22001937a 4500 | ||
|---|---|---|---|
| 999 |
_c170995 _d170995 |
||
| 005 | 20200101160713.0 | ||
| 010 | _aA-338746 | ||
| 020 |
_cN.A. _a- |
||
| 035 | _aA-338746 | ||
| 037 | _bBPPD | ||
| 082 | _a841.04 | ||
| 100 | _aگيا ن جند | ||
| 245 |
_aتفسير غا لب _cگيا ن جند |
||
| 246 |
_aTafseer-e-Ghalib (Urdu) _bby Dr.Gayan Chand |
||
| 260 |
_aKashmir _c1986 ء _bJammu And Kashmir Acedemy |
||
| 270 |
_aJammu University _bKashmir _k- _e- |
||
| 300 |
_a560 ص _c22 cm(hb) |
||
| 942 |
_2ddc _cUR _h841.04 _mگ ی ا |
||